00251nam a2200085Ia 4500008004100000100004800041245004200089260002500131300000900156190216s9999||||xx |||||||||||||| ||und|| a"Aggarwal Sk, Chhatwal Gr, Sinha Sc Etc..." 0aMedical Colleges Entrance Examination bBright Careersc1998 a902p